=LDR 00000nam 2200000 4500 =001 INLIS000000000020049 =005 20130612115037 =008 ***********************************Ind** =035 ##$$0010-061300000020049 =041 ##$$a Ind =082 ##$$a 808.87 =090 ##$$a 808.87, Set h =100 ##$$a Setiawan, Arwah =245 ##$$a Humor indonesia tahun 2000 plus, Arwah Setiawan =260 ##$$a 1996 $b Jakarta =300 ##$$a xvii, 211 hlm, ilus, 21 cm =650 ##$$a Humor =850 ##$$a NBPNMAT